000 00576nam a22002057a 4500
003 OSt
005 20251026125258.0
008 211012b ||||| |||| 00| 0 eng d
020 _a9781071840917
040 _aKCST
_cKCST
082 _a303.34
_bNo Le
100 _aNorthhouse, Peter G.
_95271
245 _aLeadership :
_btheory and practice /
_cPeter G. Northouse
250 _a9 Int. Student edition
260 _aThousand Oaks:
_bSage
_c2022
300 _a495 R1-52, I1-21.
650 _aLeadership.
_95272
650 _aLeadership
_xCase studies.
_95273
942 _2ddc
_cCTBK
999 _c671
_d671